| 000 | 02321pam a2200409 a 4500 | ||
|---|---|---|---|
| 005 | 20080710155655.0 | ||
| 008 | 080710t xxu||||| |||| 00| 0 eng d | ||
| 010 | _aB-270035-040 | ||
| 020 | _a0753405180 | ||
| 035 | _aB-270035-040 | ||
| 037 | _bGrolier | ||
| 040 |
_aDPL _bEN |
||
| 082 | _a508 | ||
| 100 | _aWalpole, Brenda | ||
| 245 |
_aI wonder why the sun rises: _band other questions about time and seasons / _cby Brenda Walpole |
||
| 260 |
_aLondon _bKingfisher Publications _c2007 |
||
| 270 |
_aNew Penderel Houes, 283-288 High Holborn, _bLondon |
||
| 300 |
_a32 p. : _bcol. ill. ; _c29 cm. |
||
| 490 | _aI wonder why | ||
| 500 | _aIncludes index. | ||
| 500 | _aThis book is published in 24 vol. | ||
| 650 |
_aMusic _xMiscellanea _xJuvenile literature. |
||
| 650 |
_aMusic _xMiscellanea. |
||
| 650 | _aQuestions and answers. | ||
| 830 | _aI wonder why (New York, N.Y.) | ||
| 856 |
_3Publisher description _uhttp://www.loc.gov/catdir/description/hm021/94045002.html |
||
| 942 |
_2ddc _cCH _h508 _mWAL |
||
| 999 |
_c14391 _d14391 |
||